000 00331nam a22001337a 4500
008 181016b xxu||||| |||| 00| 0 eng d
020 _a9790074378730
041 _aeng
080 _a338
100 _a53
101 _aMAN
245 _aThe Legal Enviromental Of Risk Mangement And Insurace
_cMallor.B
942 _2udc
_cBK
999 _c49845
_d49845